LEADER 01128nam a2200277 a 4500 001 000000148421 003 CaOOAMICUS 005 20160111113943.0 008 160111s1967 gw u000 u ger r 032 $aLibriCat 040 $aPUL$bita 100 1 $aSand, Alexander.$0(OLS)http://pul/name/25702 245 14$aDer Begriff "Fleisch" in den paulinischen Hauptbriefen /$cAlexander Sand. 260 $aRegensburg :$bPustet,$cİ1967. 300 $aX, 335 p. ;$c23 cm. 490 1 $aBiblische Untersuchungen ;$v02 500 $aIndici. 504 $aBibliografia : p. [307]-311. 630 04$aBiblia.$pN.T.$pPauli epistolae$xCritica e interpretazione.$0(OLS)http://pul/subject/36488 830 0$aBiblische Untersuchungen ;$v02.$0(OLS)http://pul/title/187233 850 $aPUL 852 $aPUL$W1$xDP1 Fondo Bordoni$y120$m3 D 74$j166296$qFondi$B172296$CPULBib$Z2$F172296 $HBor1841 $81 941 1 $a1 996 $6245$aDer Begriff "Fleisch" in den paulinischen Hauptbriefen$9(OLS)http://pul/title/187232 996 $6260$aRegensburg :$bPustet$9(OLS)http://pul/publisher/61617 LEADER 01373nam a2200325 u 4500 001 000000006331 003 CaOOAMICUS 005 20150724152805.0 008 940514s1981 it u000 u ita u 035 $a10162294 040 $aPUL(R)$bita 041 1 $aita$hger 100 1 $aZahrnt, Heinz,$d1915-2003.$0(OLS)http://pul/name/6456 240 10$aStammt Gott vom Menschen ab?.$lItaliano.$0(OLS)http://pul/title/9340 245 13$aLa sfida della moderna critica della religione /$cHeinz Zahrnt ; traduzione dal tedesco di Domenico Venturelli. 260 $aBrescia :$bQueriniana,$c1981. 300 $a49 [1] p.$c20 cm 490 1 $aGiornale di teologia ;$v133 650 4$aApologetica.$0(OLS)http://pul/subject/414 700 1 $aVenturelli, Domenico.$0(OLS)http://pul/name/6463 830 0$aGiornale di teologia ;$v133.$0(OLS)http://pul/title/9027 850 $aPUL 852 $aPUL$W1$xSL Religione 3$y85$m200 GDT 1.133$j8997$nBK-PRI$qDDC 21$B8997$CPULBib$Z2$F8997 $82 852 $aPUL$W1$xDP1 Fondo S. Lanza$y121$m3 M 24.133$j167981$qFondi$B168539$CPULBib$Z2$F168539 $HLAN423 $82 941 1 $a9 941 1 $a1 961 $aINV: 49001 983 0$aGdT. 996 $6245$aLa sfida della moderna critica della religione$9(OLS)http://pul/title/9341 996 $6260$aBrescia :$bQueriniana$9(OLS)http://pul/publisher/47906